Quick Pick: 'D, E, F' Countries Quiz Stats

 Plays Quiz Updated Jul 2, 2018

Score 0/16 Timer 01:00
0 Plays Today
% Correct
France
95.3%
Egypt
94.5%
Denmark
94.2%
Finland
91.5%
El Salvador
86.4%
Djibouti
85.5%
Ecuador
74.8%
Ethiopia
73%
% Correct
Estonia
72.6%
Dominican Republic
65.1%
Democratic Republic of the Congo
58.3%
Fiji
56.9%
Eritrea
48.2%
Equatorial Guinea
44.5%
Dominica
43.8%
eSwatini
40.1%

Today's Daily Dose

You're not logged in!

Compare scores with friends on all Sporcle quizzes.
OR
Log In

You Might Also Like...

Show Comments

Extras

Top Quizzes Today


Score Distribution

Your Account Isn't Verified!

In order to create a playlist on Sporcle, you need to verify the email address you used during registration. Go to your Sporcle Settings to finish the process.

Report this User

Report this user for behavior that violates our Community Guidelines.

Details: